000 00551nam a2200217Ia 4500
003 OSt
005 20230406122523.0
008 210423s1992 xx 000 0 und d
020 _a8131503291
040 _cAL
041 _aeng
082 _a543.07
_223
_b SKOP
100 _aSKOOG (Douglas A);LEARY (James J)
_977790
245 _aPrinciples of instrumental analysis
250 _a6
260 _aUSA
_bThomson
_c1992
300 _axii,700,ABI,I21
_bPB
365 _cINR
906 _aanalysis. ; instrumental ; Principles
942 _2ddc
_cBK
999 _c153968
_d153968